000 00594nam a2200181 a 4500
001 000006476
005 20240515123645.0
008 090831s1955 dr 001 0 spa d
040 _aDO-SdBNP
_bspa
_cBNPHU
082 _a320.01
_bM828p
100 1 _aMorales Castillo, Antonio
_917944
245 1 0 _aProyecciones de una política social /
_cAntonio Morales Castillo.
260 _aCiudad Trujillo :
_b[s. n.],
_c1955.
300 _a214 p. ;
_c23 cm.
651 4 _aRepública Dominicana
_xPolitica Social
_92627
650 4 _aCiencia política
_xHistoria
_9727
650 0 _aSociología política
_92483
999 _c6267
_d6267